Luxembourg - Sort the countries by distance - Statistics

General Stats
  • This quiz has been taken 30 times
  • The average score is 6 of 13
Answer Stats
Hint Answer % Correct
Border Germany
88%
Itself Luxembourg
81%
4th Austria
56%
6th Denmark
56%
3rd Switzerland
50%
8th Spain
44%
13th Guyana
38%
12th India
38%
11th Qatar
38%
9th Finland
31%
10th Turkiye
31%
5th Czechia
19%
7th Poland
13%
No matching quizzes found
Score Distribution
Percent of People with Each Score
Percentile by Number Answered
Your Score History
You have not taken this quiz